| 000 -LEADER |
| fixed length control field |
00943nam a2200229Ia 4500 |
| 001 - CONTROL NUMBER |
| control field |
18152 |
| 003 - CONTROL NUMBER IDENTIFIER |
| control field |
GE_BSU |
| 008 - FIXED-LENGTH DATA ELEMENTS--GENERAL INFORMATION |
| fixed length control field |
181216s||||||||xx |||||||||||||| ||und|| |
| 040 ## - CATALOGING SOURCE |
| Transcribing agency |
GE_BSU |
| 080 ## - UNIVERSAL DECIMAL CLASSIFICATION NUMBER |
| Universal Decimal Classification number |
811.353.1 + 81(479.22)(092) |
| 100 ## - MAIN ENTRY--PERSONAL NAME |
| Personal name |
ფეიქრიშვილი, ჟუჟუნა |
| 245 ## - TITLE STATEMENT |
| Title |
ქართული ენის მოამაგენი |
| 245 ## - TITLE STATEMENT |
| Statement of responsibility, etc. |
რედ.: ლეილა კვანტალიანი, ნანა ახობაძე |
| 260 ## - PUBLICATION, DISTRIBUTION, ETC. |
| Place of publication, distribution, etc. |
თბილისი |
| 260 ## - PUBLICATION, DISTRIBUTION, ETC. |
| Name of publisher, distributor, etc. |
გამ-ბა " ჯანსუღ ღვინჯილია |
| 260 ## - PUBLICATION, DISTRIBUTION, ETC. |
| Date of publication, distribution, etc. |
2006 |
| 300 ## - PHYSICAL DESCRIPTION |
| Extent |
143გვ. ; 20სმ. |
| 653 ## - INDEX TERM--UNCONTROLLED |
| Uncontrolled term |
ქართული ენა; ქართველი ენათმეცნიერები; ქართველი მწერლები |
| 653 ## - INDEX TERM--UNCONTROLLED |
| Uncontrolled term |
ქართული ენის მოამაგენი |
| 942 ## - ADDED ENTRY ELEMENTS (KOHA) |
| Koha item type |
წიგნი |